000 00526nam a2200181Ia 4500
001 20148
005 20260306172745.0
008 260306t2007||||xx |||||||||||||| ||spa||
041 _aESP
082 _a342.8
_bB22
100 _aBandieri, Luis María
_eAUT
245 0 _aLa formación plenaria del abogado:
_bintegración de teoría y práctica a través de la formación de profesionales reflexivos
260 _c2007
300 _a105 páginas :
_c21 cm.
650 _aGEN
654 _aCDE
942 _cLIB
_dJUS
_fJUS
_2ddc
_n
999 _c20148
_d20148